| 000 | 01287nam a2200301 i 4500 | ||
|---|---|---|---|
| 003 | EG-ScBUE | ||
| 005 | 20240102104224.0 | ||
| 008 | 100408s2010 ua af 000 0 bara d | ||
| 017 | _a2010 / 2538 | ||
| 020 | _a9771806955 | ||
| 020 | _a9771806963 | ||
| 040 |
_aEG-ScBUE _bara _erda _cEG-ScBUE _dEG-ScBUE |
||
| 043 | _af-ua--- | ||
| 082 | 0 | 4 |
_222 _a962.03 _bأ و ا |
| 245 | 1 | 2 |
_aالأوامر والمكاتبات الصادرة من عزيز مصر محمد علي / _cتحقيق د. أمنية عامر [وخمسة آخرون] ؛ إشراف أ. د. رءوف عباس حامد. |
| 264 | 1 |
_aالقاهرة : _bمطبعة دار الكتب والوثائق القومية، _c2010. |
|
| 300 |
_a2 مجلد ؛ _c28 سم |
||
| 336 |
_2rdacontent _aنص _btxt |
||
| 337 |
_aبدون وسيط _2rdamedia _bn |
||
| 338 |
_aمجلد _bnc _2rdacarrier |
||
| 600 | 0 | 7 |
_aمحمد علي باشا، _cحاكم مصر، _d1769-1849. _2BUEsh |
| 650 | 7 |
_2BUEsh _aالوثائق _xتنظيم وإدارة. |
|
| 651 | 7 |
_aمصر _xتاريخ _yالعصر الحديث _yعصر محمد علي (1805-1849). _2BUEsh |
|
| 655 | _vReading book | ||
| 700 | 1 |
_913381 _aحامد، رءوف عباس، _eمشرف. |
|
| 700 | 1 |
_913380 _aعامر، أمنية، _eمحقق. |
|
| 942 |
_2ddc _cBB |
||
| 999 |
_c13858 _d13858 |
||